| 000 | 01005cam a22003137a 4500 | ||
|---|---|---|---|
| 003 | CHAP | ||
| 005 | 20220817043147.0 | ||
| 008 | 971013s1987 r 00010 d | ||
| 010 | _a67091 | ||
| 011 | _a68063 | ||
| 035 | _a77535 | ||
| 040 | _cCHAP | ||
| 090 | _aFolleto 11391 | ||
| 100 | 0 | 0 |
_aBaquero Franco, José. _910021 |
| 245 | 1 | 3 | _aLa industria del azúcar de remolacha |
| 260 |
_aMadrid : _bMinisterio de Agricultura, Pesca y Alimentación, _c1987 |
||
| 300 |
_a20 p. _b: ilus; gráfs. |
||
| 490 | 0 |
_aHojas divulgadoras _v; 8/87 |
|
| 590 |
_aBATCH-UPD _b10 _c20130110 _lUCH01 _h1917 |
||
| 590 |
_aBATCH-UPD _b10 _c20130410 _lUCH01 _h1243 |
||
| 590 |
_aBATCH-UPD _b10 _c20130914 _lUCH01 _h1634 |
||
| 590 |
_aCONVERSION _b10 _c20130109 _lUCH01 _h1337 |
||
| 650 | 1 | 3 |
_aIndustria azucarera _957780 |
| 830 | 0 |
_aHojas divulgadoras _v; 8/87 |
|
| 901 | _aBK | ||
| 942 | _cFOLL | ||
| 949 |
_aFolleto 11391 _bBC _cFOLL _d-30405 _eTS1 _i77535 _si |
||
| 949 |
_aFolleto 11391 _bBC _cFOLL _d-91448 _eTS2 _fc.2 _i77535 _si |
||
| 999 |
_c67091 _d67091 |
||